000 00296nam a22001337a 4500
008 170526b xxu||||| |||| 00| 0 eng d
020 _a0070366969
041 _aeng
080 _a621
100 _a27
101 _aIM
245 _aSIMULATION MODELING AND ANALYSIS
_cLAW, A.M
942 _2udc
_cBK
999 _c14607
_d14607